2022 F1 driver numbers - Statistics

General Stats
  • This quiz has been taken 73 times
  • The average score is 17 of 20
Answer Stats
Hint Answer % Correct
44 Lewis Hamilton
97%
4 Lando Norris
95%
63 George Russell
93%
55 Carlos Sainz
90%
16 Charles Leclerc
90%
33 Max Verstappen
90%
10 Pierre Gasly
90%
11 Sergio Perez
90%
5 Sebastian Vettel
88%
18 Lance Stroll
85%
77 Valtteri Bottas
85%
22 Yuki Tsunoda
83%
3 Daniel Ricardo
82%
14 Fernando Alonso
82%
23 Alexander Albon
78%
6 Nicholas Latifi
75%
31 Esteban Ocon
73%
20 `Kevin Magnussen
72%
47 Mick Schumacher
70%
24 Zhou Guanyu
68%
No matching quizzes found
Score Distribution
Percent of People with Each Score
Percentile by Number Answered
Your Score History
You have not taken this quiz